00297nam a2200121Ia 45000030006000000080041000060400015000471000018000622450038000802600028001185460012001460050017001580STCL150530s9999 xx 000 0 und d aSTCLcSTCL aMenon, M.G.K. aBulletin Madras government museum bMadras Governmentc1936 aEnglish20220125170418.0